Online
Catalog

El proceso de restauración de la República Dominicana 1861 - 1865: (Record no. 53816)

MARC details
000 -CABECERA
campo de control de longitud fija 01526nam a2200289 i 4500
003 - IDENTIFICADOR DEL NÚMERO DE CONTROL
campo de control DO-SdBNP
005 - FECHA Y HORA DE LA ÚLTIMA TRANSACCIÓN
campo de control 20230620090957.0
006 - CÓDIGOS DE INFORMACIÓN DE LONGITUD FIJA--CARACTERÍSTICAS DEL MATERIAL ADICIONAL
campo de control de longitud fija a||||gr|||| 00| 0
007 - CAMPO FIJO DE DESCRIPCIÓN FÍSICA--INFORMACIÓN GENERAL
campo de control de longitud fija ta
008 - DATOS DE LONGITUD FIJA--INFORMACIÓN GENERAL
campo de control de longitud fija 230614e2022 dr ac||| |||| 00| 0 spa d
020 ## - NÚMERO INTERNACIONAL ESTÁNDAR DEL LIBRO
Número Internacional Estándar del Libro 9789945250442
040 ## - FUENTE DE LA CATALOGACIÓN
Centro catalogador/agencia de origen DO-SdBNP
Lengua de catalogación spa
Centro/agencia transcriptor BNPHU
Normas de descripción rda
082 #4 - NÚMERO DE LA CLASIFICACIÓN DECIMAL DEWEY
Número de edición 22
Número de documento/Ítem H557p
100 1# - ENTRADA PRINCIPAL--NOMBRE DE PERSONA
9 (RLIN) 35011
Nombre de persona Hernández, Alfredo Rafael
245 13 - MENCIÓN DE TÍTULO
Título El proceso de restauración de la República Dominicana 1861 - 1865:
Resto del título notas sobresalientes./
Mención de responsabilidad, etc. Alfredo Rafael Hernández; edición, Aimara Vera Riverón.
264 #1 - PRODUCCIÓN, PUBLICACIÓN, DISTRIBUCIÓN, FABRICACIÓN Y COPYRIGHT
Producción, publicación, distribución, fabricación y copyright Santo Domingo :
Nombre del de productor, editor, distribuidor, fabricante Archivo General de la Nación,
Fecha de producción, publicación, distribución, fabricación o copyright 2022
300 ## - DESCRIPCIÓN FÍSICA
Extensión 494 páginas ;
Dimensiones 22 cm
336 ## - TIPO DE CONTENIDO
Fuente rdaconten
Término de tipo de contenido texto
Código de tipo de contenido txt
337 ## - TIPO DE MEDIO
Fuente rdamedia
Nombre/término del tipo de medio sin medición
Código del tipo de medio n
338 ## - TIPO DE SOPORTE
Fuente rdacarrier
Nombre/término del tipo de soporte volumen
Código del tipo de soporte nc
490 ## - MENCIÓN DE SERIE
Mención de serie Archivo General de la Nación ;
Designación de volumen o secuencia 460
500 ## - NOTA GENERAL
Nota general Incluye índice onomástico
505 ## - NOTA DE CONTENIDO CON FORMATO
Nota de contenido con formato Introducción.
Título Capitán Ramón González Tablas y la Restauración de la República Dominicana. Capítulo I. La Vega, otros pueblos y aspectos generales de la guerra.-- Capítulo II. El proceso restaurador comienza a tomar forma.-- Capítulo III. La jurisdicción del gobierno de Santiago.-- Capítulo IV. España a la ofensiva.--Capítulo V. Continúan las desavenencias entre los líderes restauradores.-- Capítulo VI. Tras desocupación española se impuso el baecismo.--
-- Referencias bibliográficas.--
-- Índice onomástico.--
-- Anexos.
590 ## - NOTA LOCAL (RLIN)
Nota local Inventariado 2023 / MF
700 1# - PUNTO DE ACCESO ADICIONAL--NOMBRE DE PERSONA
9 (RLIN) 77931
Nombre de persona Vera Riverón, Aimara,
Término indicativo de función/relación editor
942 ## - ELEMENTOS DE PUNTO DE ACCESO ADICIONAL (KOHA)
Fuente del sistema de clasificación o colocación Dewey Decimal Classification
Tipo de ítem Koha Libro
Holdings
Estado de retiro Estado de pérdida Fuente del sistema de clasificación o colocación Restricciones de uso No para préstamo Código de colección Localización permanente Ubicación/localización actual Ubicación en estantería Fecha de adquisición Fuente de adquisición Total de préstamos Signatura topográfica completa Código de barras Fecha visto por última vez Precio válido a partir de Tipo de ítem Koha Número de copia
    Dewey Decimal Classification Excluido de préstamo   Patrimonio Dominicano Biblioteca Nacional Pedro Henríquez Ureña Biblioteca Nacional Pedro Henríquez Ureña En catalogación 14.03.2023 Depósito legal / Archivo General de la Nación   H557p 2023-2429 14.06.2023 14.06.2023 Libro  
    Dewey Decimal Classification Excluido de préstamo   Patrimonio Dominicano Biblioteca Nacional Pedro Henríquez Ureña Biblioteca Nacional Pedro Henríquez Ureña En catalogación 14.03.2023 Depósito legal / Archivo General de la Nación   H557p 2023-2430 14.06.2023 14.06.2023 Libro e.2
    Dewey Decimal Classification Préstamo en sala   Dominicana de Servicio Biblioteca Nacional Pedro Henríquez Ureña Biblioteca Nacional Pedro Henríquez Ureña En catalogación 14.03.2023 Depósito legal / Archivo General de la Nación   H557p 2023-2431 14.06.2023 14.06.2023 Libro e.3

Powered by Koha